Horrid Henry and the Mummy's curse / (Record no. 7207)

MARC details
000 -LEADER
fixed length control field 01158nam a22003017a 4500
001 - CONTROL NUMBER
control field 7207
003 - CONTROL NUMBER IDENTIFIER
control field FISKH
005 - DATE AND TIME OF LATEST TRANSACTION
control field 20250702142045.0
008 - FIXED-LENGTH DATA ELEMENTS--GENERAL INFORMATION
fixed length control field 250702b cb ||||| |||| 00| 0 eng d
020 ## - INTERNATIONAL STANDARD BOOK NUMBER
International Standard Book Number 9781444015270
040 ## - CATALOGING SOURCE
Original cataloging agency FISKH
Language of cataloging eng
Transcribing agency FISKH
Modifying agency FISKH
050 ## - LIBRARY OF CONGRESS CALL NUMBER
Classification number PZ7.
082 ## - DEWEY DECIMAL CLASSIFICATION NUMBER
Classification number 823.92
100 ## - MAIN ENTRY--PERSONAL NAME
Personal name Simon, Francesca
Dates associated with a name (1955-)
245 ## - TITLE STATEMENT
Title Horrid Henry and the Mummy's curse /
Statement of responsibility, etc. Francesca Simon ; Illustrated by Tony Ross
250 ## - EDITION STATEMENT
Edition statement This edition first published in 2015
260 ## - PUBLICATION, DISTRIBUTION, ETC.
Place of publication, distribution, etc. London :
Name of publisher, distributor, etc. Orion,
Date of publication, distribution, etc. 2015
300 ## - PHYSICAL DESCRIPTION
Extent 76 pages :
Other physical details color illustrations ;
Dimensions 20 cm
505 ## - FORMATTED CONTENTS NOTE
Formatted contents note L<br/>
520 ## - SUMMARY, ETC.
Summary, etc. When Henry hears the story of the terrifying ancient Egyptian mummy's curse, he can't wait to share it with Peter. But are they safe from the mummy? Or has the curse struck somewhere close to home? What's the difference between a mum and a mummy anyway? A funny, spooky story, perfect for Hallowe'en.<br/>
521 8# - TARGET AUDIENCE NOTE
Target audience note 510<br/>
Source Lexile<br/>
521 8# - TARGET AUDIENCE NOTE
Target audience note L<br/>
Source Raz-Plus<br/>
650 ## - SUBJECT ADDED ENTRY--TOPICAL TERM
Source of heading or term Children's fiction
Topical term or geographic name entry element Hilarious
650 ## - SUBJECT ADDED ENTRY--TOPICAL TERM
Source of heading or term Horrid Henry Series
Topical term or geographic name entry element Ages 8-10
700 ## - ADDED ENTRY--PERSONAL NAME
Personal name Ross, Tony
Dates associated with a name illustrator
942 ## - ADDED ENTRY ELEMENTS (KOHA)
Source of classification or shelving scheme Dewey Decimal Classification
Koha item type Books
Suppress in OPAC No
Holdings
Withdrawn status Lost status Source of classification or shelving scheme Damaged status Not for loan Collection Home library Current library Shelving location Date acquired Total Checkouts Full call number Barcode Date last seen Date last checked out Copy number Price effective from Koha item type
    Dewey Decimal Classification     Juvenile Fiction Footprints International School Library Network Toul Tom Poung Campus Footprints International School Library Network Toul Tom Poung Campus TTP Primary Yellow Bookshelves 07/02/2025 1 SIM 823.92 PZ7 2025-1730 09/30/2025 07/15/2025 1 07/02/2025 Books